00502 2200193 4500245005700000020002200057250001100079700001900090700001800109650002100127650001000148005001900158260004400177041001400221084001000235300002000245490003400265336000900299 aKisah Burung dan Binatang LaincSastri SunartihText a978-623-00-3033-8 aCet. 1 aSastri Sunarti aAstari Shinta aCerita Bergambar aEbook a20241029143546 aJakartabPT elex media Komputindoc2021 aIndonesia a741.5 a34 hlm :bpdf ; aSeri Antologi Fabel Nusantara atext